Administración total del mejoramiento continuo: la nueva generación

Сохранить в:
Библиографические подробности
Главный автор: Harrington, H. James (Автор)
Формат:
Язык:испанский
Опубликовано: Bogotá McGraw-Hill 1996
Предметы:
Метки: Добавить метку
Нет меток, Требуется 1-ая метка записи!

MARC

LEADER 00000nam a2200000 a 4500
001 UCS3413
003 CL-VaPUC
008 970620e19960000CK |||||||||||||||||spa|d
082 0 4 |a 658.562  |b HAR  |2 21 
100 |a Harrington, H. James  |e author  |9 594509 
245 1 0 |a Administración total del mejoramiento continuo: la nueva generación 
300 |a 506 p 
942 |c BK 
945 |d 19970620 00:00:00  |a rbrito 
260 |a Bogotá  |b McGraw-Hill  |c 1996 
650 0 |a Administración  |9 259325 
650 0 |a Calidad  |9 320582 
650 7 |a MEJORAMIENTO CONTINUO  |2 CL-VaPUC  |9 389501 
650 0 |a Organización  |9 256369 
650 7 |a GERENCIA DE EMPRESAS  |2 CL-VaPUC  |9 375855 
583 |a last modification  |c 19970620 00:00:00  |k Rodrigo Vera 
999 |c 261125  |d 261123 
952 |0 0  |1 0  |4 0  |6 658_562000000000000_HAR_1996  |7 0  |8 A  |9 288272  |a BIBENE  |b BIBENE  |d 2019-11-19  |i 3326527  |o 658.562 HAR 1996  |p 3326527  |r 2025-01-15  |w 2019-11-19  |y BK  |k ICO